1993 1258 1391 1278 1276 1105 1245 1199 1886 1681 1528 1658 1750 1277 1583 1117 1694 1545 1100 1343 1654 1827 1435 1845 1065 1614 1774 1634 1028 1275 1890 1187 1767 1669 1554 1243 1461 1107 1095 1217 1478 1755 1102 1774 1299 1743 1441 1774 1661 1074 1455 1424 1386 1813 1484 1642 1861 1213 1786 1094 1036 1274 1766 1684 1491 1642 1075 1863 1598 1943 1705 1043 1982 1528 1243 1852 1458 1756 1174 1651 1199 1612 1359 1737 1148 1038 1264 1418 1337 1012 1568 1860 1991 1250 1056 1831 1194 1530 1917 BCNSPRNW ULIB Ver.6.0+V

เปลี่ยนเป็นภาษาไทย

Change to English
 แสดงรายละเอียดบรรณานุกรม
  กลับหน้าหลัก

Brief Record : Get Marc (ISO 2709) : E-mail record : QR code < ปิดหน้าต่าง
LEADER : 00000nam 2200000uu 4500
001    13399125973
003     ULIB
008    171124s2560||||th 000 0 tha d
020    ^a9789740335672
050  0 ^aLA1221^bธ172ก
100 0  ^aธราญา จิตรชญาวณิช
245 10 ^aการศึกษาและความเป็นครูไทย /^cธราญา จิตรชญาวณิช
246 30 ^aความเป็นครูไทย
260    ^aกรุงเทพฯ :^bสำนักพิมพ์แห่งจุฬาลงกรณ์มหาวิทยาลัย,^c2560
300    ^a252 หน้า :^bแผนภูมิ ;^c26 ซม.
650  4 ^aครู
650  4 ^aการศึกษา
945    ^p290^l0^i25704
999    ^aกัณชพร จุลอักษร
รายการนี้ยังไม่มีแท็ก
คุณยังไม่ได้ล็อกอิน คุณสามารถมีกิจกรรมร่วมกับเว็บไซต์ได้ แต่ต้องล็อกอินก่อน ::
  ล็อกอิน

รายการสื่อสารสนเทศ

ลำดับที่ ประเภท เลขเรียก/บาร์โค้ด สถานที่ สถานะ
1. วิทยาศาสตร์การแพทย์ และสุขภาพ
วิทยาศาสตร์การแพทย์ และสุขภาพ
LA1221 ธ172ก ฉ.1 
  Barcode: 25704
ห้องสมุดวิทยาเขตนครสวรรค์
►หนังสือทั่วไป:l:General Books
บนชั้น

รายการใกล้เคียง
    ผู้แต่ง [ธราญา จิตรชญาวณิช]

    หัวเรื่อง [ครู]
    หัวเรื่อง [การศึกษา]

BibComment


ยังไม่เคยถูกคอมเมนท์

คอมเมนท์ทรัพยากรรายการนี้
  คอมเมนท์: การศึกษาและความเ..


 Copyright 2026. Bcnsprnw @Library